|
|
|
|
| LEADER |
01971nam a2200421 i 4500 |
| 001 |
EBC4789463 |
| 003 |
MiAaPQ |
| 005 |
20200520144314.0 |
| 006 |
m o d | |
| 007 |
cr cnu|||||||| |
| 008 |
170201t20162016enk ob 000 0 eng d |
| 020 |
|
|
|z 9781787141643
|
| 020 |
|
|
|a 9781787141650 (e-book)
|
| 035 |
|
|
|a (MiAaPQ)EBC4789463
|
| 035 |
|
|
|a (Au-PeEL)EBL4789463
|
| 035 |
|
|
|a (CaPaEBR)ebr11332223
|
| 035 |
|
|
|a (CaONFJC)MIL988537
|
| 035 |
|
|
|a (OCoLC)969433417
|
| 040 |
|
|
|a MiAaPQ
|b eng
|e rda
|e pn
|c MiAaPQ
|d MiAaPQ
|
| 050 |
|
4 |
|a BX8526
|b .K537 2016
|
| 082 |
0 |
|
|a 289.92
|2 23
|
| 245 |
0 |
0 |
|a Kids and retailing, future trends part 2 - children in their retail context /
|c Brigitte Faultrier (de), editor.
|
| 264 |
|
1 |
|a Bradford, West Yorkshire, [England] :
|b Emerald Group Publishing Limited,
|c 2016.
|
| 264 |
|
4 |
|c 2016
|
| 300 |
|
|
|a 1 online resource (101 pages)
|
| 336 |
|
|
|a text
|2 rdacontent
|
| 337 |
|
|
|a computer
|2 rdamedia
|
| 338 |
|
|
|a online resource
|2 rdacarrier
|
| 490 |
0 |
|
|a International Journal of Retail & Distribution Management ;
|v Volume 44, Number 11, 2016
|
| 504 |
|
|
|a Includes bibliographical references.
|
| 588 |
|
|
|a Description based on online resource; title from PDF title page (ebrary, viewed February 1, 2017).
|
| 590 |
|
|
|a Electronic reproduction. Ann Arbor, MI : ProQuest, 2016. Available via World Wide Web. Access may be limited to ProQuest affiliated libraries.
|
| 650 |
|
0 |
|a Families.
|
| 655 |
|
4 |
|a Electronic books.
|
| 700 |
1 |
|
|a Faultrier (de), Brigitte,
|e editor.
|
| 776 |
0 |
8 |
|i Print version:
|t Kids and retailing, future trends part 2 - children in their retail context.
|d Bradford, West Yorkshire, [England] : Emerald Group Publishing Limited, c2016
|h approximately 101 pages
|k International journal of retail & distribution management ; Volume 44, Number 11, 2016
|z 9781787141643
|
| 797 |
2 |
|
|a ProQuest (Firm)
|
| 856 |
4 |
0 |
|u https://ebookcentral.proquest.com/lib/matrademy/detail.action?docID=4789463
|z Click to View
|